000 00586nam a22002417a 4500
003 UA-OsUOA
001 22367
007 ta
008 20031219b un ||||| |||| 00| 0 ukr d
100 _aКорнфорт М.
090 _a141.8
_bК67
942 _cBK
040 _aUA-OsUOA
_brus
_cUA-OsUOA
_dUA-OsUOA
245 _aОткрытая философия и открытое общество
300 _a530 с.
955 _a0
041 _arus
080 _a141.8
260 _aМосква
_bПрогресс
_c1972
044 _aRU
650 7 _2UDC
999 _c308585
_d308585